• 首页
  • 本馆介绍
  • 公告通知
  • 最新文献
  • 馆藏检索
  • 电子资源
  • 读者导购
  • 参考咨询
  • 我的图书馆
  • 登录
  • 详细信息显示
  • 放入我的书架
  • 预约/预借图书
  • 作者相关作品
  • 分类相关作品
  • 丛书相关作品
  • 出版社相关作品

书目信息

  • 表格格式
  • 工作单格式
  • 卡片格式
题名:
教育生态管理
    
 
作者: 吴林富 著
分册:  
出版信息: 天津   天津教育出版社  2006
页数: 235页
开本: 24cm
丛书名: 教育经济与管理丛书
单 册:
中图分类: G40-052.4
科图分类:
主题词: 教育生态学
电子资源:
ISBN: 7-5309-4531-9
000 00933nam0 2200265 450
000 00943nam0 2200265 450
000 00871nam0 2200241 450
000 00835nam0 2200229 45
005 20070727154850.35
010    @a7-5309-4531-9@dCNY39.00
100    @a20070620d2006 em y0chiy0120 ea
101 0  @achi
102    @aCN@b120000
105    @ay z 000yy
200 1  @a教育生态管理@AJiao Yu Sheng Tai Guan Li@f吴林富著@FWu Lin Fu Zhu
210    @a天津@c天津教育出版社@d2006
215    @a235页@d24cm
225 2  @a教育经济与管理丛书
330    @a本书从生态学角度,审视日常教育管理中的种种活动和现象,运用教育生态理论系统阐述了教育生态主体管理、教育生态环境管理等,并从实践层面列举了许多理论和实践相结合的教育生态管理的案例和做法。
410  0 @12001 @a教育经济与管理丛书
606 0  @a教育生态学
690    @aG40-052.4@v4
701  0 @a吴林富@AWu Lin Fu@4著
801  0 @aCN@bTAOJIN@c20070727
905    @a10447@dG40-052.4@e445
    
    教育生态管理/吴林富著.-天津:天津教育出版社,2006
    235页;24cm.-(教育经济与管理丛书)
    
    
    ISBN 7-5309-4531-9:CNY39.00
    本书从生态学角度,审视日常教育管理中的种种活动和现象,运用教育生态理论系统阐述了教育生态主体管理、教育生态环境管理等,并从实践层面列举了许多理论和实践相结合的教育生态管理的案例和做法。
●
相关链接 在E读中查询图书 在五车中查询图书 在当当中查询图书 在豆瓣中查询图书


正题名:教育生态管理     索取号:G40-052.4/445         预约/预借

序号 登录号 条形码 馆藏地/架位号 状态 备注
1 0821574   208215741   第一样本阅览室/ [索取号:G40-052.4/445] 在馆    
2 0821575   208215750   第四借阅区/ [索取号:G40-052.4/445] 在馆    
3 0821576   208215769   密集书库/ [索取号:G40-052.4/445] 在馆    
4 0821577   208215778   密集书库/ [索取号:G40-052.4/445] 在馆    
5 0821578   208215787   第四借阅区/ [索取号:G40-052.4/445] 在馆    
唐山师范学院图书馆 欢迎您!
大连网信软件有限公司© 版权所有